000 00270nam a2200109Ia 4500
005 20251222143215.0
008 251222s9999||||xx |||||||||||||| ||spa||
082 _a759.44/H37
245 0 _aHélion:
264 _bMusée d'art et d'industrie, saint-étienne
942 _cLIB
999 _c13609
_d13609